000 00529nam a2200169 i 4500
001 99634
003 ES-MaACL
005 20230906182529.0
007 t|
008 050914s1905 sp ||||1| spa d
100 1 _aMartínez Baladrón, Emilio.
_977880
245 1 0 _aEstrecheces uretrales en el hombre consecutivas a la hemorragia crónica
_b: Tesis doctoral /
_cEmilio Martínez Baladrón.
260 _aSantiago :
_b[s.n.],
_c1905.
300 _a61 p. ;
_c23 cm.
502 _aTesis doctoral.
852 _aES-MaACL
_jT-1080-F-7
999 _c99634
_d99634